Aki becsapta a lélektan tanárát

Elmentve itt :
Bibliográfiai részletek
Dokumentumtípus: Cikk
Megjelent: 1916-08-02
Sorozat:Délmagyarország 5 No. 178
Kulcsszavak:Bűncselekmény Szeged 1916
Online Access:http://dmarchiv.bibl.u-szeged.hu/58005
LEADER 00416nab a2200145 i 4500
001 delm58005
005 20180927144624.0
008 180927s1916 hu o 0|| hun d
040 |a SZTE Délmagyarország Archívum  |b hun 
041 |a hun 
245 0 0 |a Aki becsapta a lélektan tanárát  |h [elektronikus dokumentum] 
260 |c 1916-08-02 
300 |a 5 
490 0 |a Délmagyarország  |v 5 No. 178 
695 |a Bűncselekmény Szeged 1916